[Event "Sveshnikots"]
[Site "SchemingMind.com"]
[Date "2007.09.12"]
[Round "-"]
[White "Stavrogin"]
[Black "Schaakmaatje"]
[Result "1-0"]
[WhiteCountry "GER"]
[BlackCountry "NED"]
[WhiteElo "1978"]
[WhiteRD "132"]
[BlackElo "1758"]
[BlackRD "104"]
[GameID "120324"]

1. e4 c5 2. Nf3 Nc6 3. d4 cxd4 4. Nxd4 Nf6 5. Nc3 e5 6. Ndb5 d6 7. Bg5 a6 8. Na3 b5 9. Nd5 Be7 10. Bxf6 Bxf6
11. c4 Qa5+ 12. Qd2 Bd8 13. cxb5
1-0

[Event "Sveshnikots"]
[Site "SchemingMind.com"]
[Date "2007.09.13"]
[Round "-"]
[White "Schaakmaatje"]
[Black "Stavrogin"]
[Result "0-1"]
[WhiteCountry "NED"]
[BlackCountry "GER"]
[WhiteElo "1751"]
[WhiteRD "70"]
[BlackElo "1921"]
[BlackRD "104"]
[GameID "120325"]

1. e4 c5 2. Nf3 Nc6 3. d4 cxd4 4. Nxd4 Nf6 5. Nc3 e5 6. Ndb5 d6 7. Bg5 a6 8. Na3 b5 9. Nd5 Be7 10. Bxf6 Bxf6
11. c3 O-O 12. Nc2 Rb8 13. a3 Bg5 14. Be2 a5 15. O-O Be6 16. Nce3 Ne7 17. Rc1 Bxd5 18. exd5 Qb6 19. Qd3 Bxe3 20. fxe3 Nxd5
21. Qxd5 Qxe3+
0-1

[Event "Sveshnikots"]
[Site "SchemingMind.com"]
[Date "2007.09.14"]
[Round "-"]
[White "jdcald13"]
[Black "Schaakmaatje"]
[Result "1-0"]
[WhiteCountry "USA"]
[BlackCountry "NED"]
[WhiteElo "1914"]
[WhiteRD "55"]
[BlackElo "1751"]
[BlackRD "70"]
[GameID "120634"]

1. e4 c5 2. Nf3 Nc6 3. d4 cxd4 4. Nxd4 Nf6 5. Nc3 e5 6. Ndb5 d6 7. Na3 Be6 8. Nc4 Nd4 9. Bg5 Be7 10. f4 b5
11. fxe5 bxc4 12. Qxd4 dxe5 13. Qxe5 O-O 14. Nd5 Nxd5 15. exd5 Bxg5 16. Bxc4 Bg4 17. O-O Qb6+ 18. Kh1 Bf6 19. Qg3 Bh5 20. Bb3 Bg6
21. h4 h5 22. d6 Qd4 23. Rf4 Qxd6 24. Raf1 Kh8 25. Qf3 Rad8 26. c3 Qd3 27. Rxf6 gxf6 28. Qxf6+ Kh7 29. Rf3 Qd6 30. Qg5 Rde8
31. Rf1 Re4 32. Bc2 Rg4 33. Qxh5+
1-0

[Event "Sveshnikots"]
[Site "SchemingMind.com"]
[Date "2007.09.15"]
[Round "-"]
[White "jdcald13"]
[Black "Stavrogin"]
[Result "0-1"]
[WhiteCountry "USA"]
[BlackCountry "GER"]
[WhiteElo "1892"]
[WhiteRD "78"]
[BlackElo "1978"]
[BlackRD "132"]
[GameID "120635"]

1. e4 c5 2. Nf3 Nc6 3. d4 cxd4 4. Nxd4 Nf6 5. Nc3 e5 6. Nf5 d5 7. exd5 Bxf5 8. dxc6 bxc6 9. Qf3 Qd7 10. Bd3 e4
11. Nxe4 Bxe4 12. Bxe4 Qe6 13. O-O Qxe4 14. Qxe4+ Nxe4 15. Re1 O-O-O 16. Be3 Bc5 17. Bxc5 Nxc5 18. Re7 Rd7 19. Rae1 Rxe7 20. Rxe7 Rd8
21. g3 Rd7 22. Re8+ Kc7 23. Rh8 h6 24. Rg8 Ne6 25. f4 Rd8
0-1

[Event "Sveshnikots"]
[Site "SchemingMind.com"]
[Date "2007.09.14"]
[Round "-"]
[White "Schaakmaatje"]
[Black "jdcald13"]
[Result "1-0"]
[WhiteCountry "NED"]
[BlackCountry "USA"]
[WhiteElo "1751"]
[WhiteRD "70"]
[BlackElo "1914"]
[BlackRD "55"]
[GameID "120636"]

1. e4 c5 2. Nf3 Nc6 3. d4 cxd4 4. Nxd4 Nf6 5. Nc3 e5 6. Ndb5 d6 7. a4 a6 8. Na3 Be6 9. Be2 Nd4 10. O-O d5
11. Bd3 Be7 12. Bg5 O-O 13. f3 dxe4 14. Nxe4 Nxe4 15. Bxe7 Qxe7 16. Bxe4 Rab8 17. Qe1 b5 18. axb5 axb5 19. c3 Nb3 20. Rd1 b4
21. Nb1 bxc3 22. Nxc3 Nc5 23. Bd5 Rxb2 24. Qxe5 Qa7 25. Kh1 Bxd5 26. Nxd5 Rfb8 27. Ne7+ Kh8 28. Nc6 Nd3 29. Qxb8+ Qxb8 30. Nxb8 Nf2+
31. Rxf2 Rxb8 32. Rfd2
1-0

[Event "Sveshnikots"]
[Site "SchemingMind.com"]
[Date "2007.09.14"]
[Round "-"]
[White "Stavrogin"]
[Black "jdcald13"]
[Result "1-0"]
[WhiteCountry "GER"]
[BlackCountry "USA"]
[WhiteElo "1978"]
[WhiteRD "132"]
[BlackElo "1892"]
[BlackRD "78"]
[GameID "120637"]

1. e4 c5 2. Nf3 Nc6 3. d4 cxd4 4. Nxd4 Nf6 5. Nc3 e5 6. Ndb5 d6 7. Bg5 a6 8. Na3 b5 9. Nd5 Be6 10. c4 b4
11. Nc2 a5 12. g3 Bxd5 13. cxd5 Na7 14. Ne3 Qd7 15. Bxf6 gxf6 16. Nf5 h5 17. Bh3 Qb5 18. Qe2 Qxe2+ 19. Kxe2 Nb5 20. Rhc1 Be7
21. Rc6 h4 22. gxh4 Rh5 23. Rac1 Rxf5 24. Bxf5 Nd4+ 25. Ke3 Nxc6 26. dxc6
1-0

[Event "Sveshnikots"]
[Site "SchemingMind.com"]
[Date "2007.10.02"]
[Round "-"]
[White "javilez"]
[Black "jdcald13"]
[Result "0-1"]
[WhiteCountry "NCA"]
[BlackCountry "USA"]
[WhiteElo "1742"]
[WhiteRD "56"]
[BlackElo "1907"]
[BlackRD "49"]
[GameID "123007"]

1. e4 c5 2. Nf3 Nc6 3. d4 cxd4 4. Nxd4 Nf6 5. Nc3 e5 6. Nb3 d6 7. f3 Be6 8. Be3 d5 9. exd5 Nxd5 10. Nxd5 Bxd5
11. c4 Bb4+ 12. Bd2 Bxc4 13. Bxc4 Qh4+ 14. g3 Qxc4 15. Rc1 Qd3 16. Qe2 Bxd2+ 17. Nxd2 Rd8 18. Rd1 Qxe2+ 19. Kxe2 Ke7 20. Ne4 Rd4
21. Rxd4 Nxd4+ 22. Ke3 Rc8 23. Nc3 Ke6 24. Rd1 b5 25. Rd2 b4 26. Ne2 Rc2 27. Rxc2 Nxc2+ 28. Kd2 Nd4 29. Nxd4+ exd4 30. Kd3 Kd5
31. a3 b3 32. a4 a5 33. f4 f5 34. h4 h5
0-1

[Event "Sveshnikots"]
[Site "SchemingMind.com"]
[Date "2007.10.05"]
[Round "-"]
[White "javilez"]
[Black "Schaakmaatje"]
[Result "0-1"]
[WhiteCountry "NCA"]
[BlackCountry "NED"]
[WhiteElo "1742"]
[WhiteRD "56"]
[BlackElo "1803"]
[BlackRD "57"]
[GameID "123008"]

1. e4 c5 2. Nf3 Nc6 3. d4 cxd4 4. Nxd4 Nf6 5. Nc3 e5 6. Nb3 Bb4 7. Bc4 Nxe4 8. Bxf7+ Kxf7 9. Qd5+ Ke8 10. Qxe4 d5
11. Qe2 Bf5 12. O-O Bxc3 13. bxc3 Rf8 14. Ba3 Rf6 15. Nd4 Kf7 16. Nxf5 Rxf5 17. Rab1 Qc7 18. Qb5 Rd8 19. Qxb7 Rd7 20. Qxc7 Rxc7
21. Rb5 Ke6 22. Rd1 Rd7 23. Rc5 Ne7 24. Ra5 Nc8 25. f3 Nb6 26. Bc5 Rf6 27. Bxb6 axb6 28. Rb5 Rd6 29. Rdb1 Kd7 30. R1b3 Kc8
31. a4 Kc7 32. a5 bxa5 33. Rxa5 Rg6
0-1

[Event "Sveshnikots"]
[Site "SchemingMind.com"]
[Date "2007.10.07"]
[Round "-"]
[White "javilez"]
[Black "Stavrogin"]
[Result "0-1"]
[WhiteCountry "NCA"]
[BlackCountry "GER"]
[WhiteElo "1797"]
[WhiteRD "61"]
[BlackElo "1921"]
[BlackRD "104"]
[GameID "123009"]

1. e4 c5 2. Nf3 Nc6 3. d4 cxd4 4. Nxd4 Nf6 5. Nc3 e5 6. Nb3 Bb4 7. Bc4 O-O 8. Bg5 h6 9. Bxf6 Qxf6 10. O-O Bxc3
11. bxc3 d6 12. Nd2 Ne7 13. Rb1 b6 14. f3 Be6 15. Bb3 Rac8 16. c4 Ng6 17. Qe1 Nf4 18. Qe3 Qg5 19. Qf2 Nh3+
0-1

[Event "Sveshnikots"]
[Site "SchemingMind.com"]
[Date "2007.10.03"]
[Round "-"]
[White "jdcald13"]
[Black "javilez"]
[Result "1-0"]
[WhiteCountry "USA"]
[BlackCountry "NCA"]
[WhiteElo "1907"]
[WhiteRD "49"]
[BlackElo "1742"]
[BlackRD "56"]
[GameID "123010"]

1. e4 c5 2. Nf3 Nc6 3. d4 cxd4 4. Nxd4 Nf6 5. Nc3 e5 6. Ndb5 a6 7. Nd6+ Bxd6 8. Qxd6 Qe7 9. Qxe7+ Nxe7 10. Bg5 O-O
11. O-O-O Kh8 12. Bc4 Nfg8 13. Bxe7 Nxe7 14. Nd5 Nxd5 15. Rxd5 f6 16. f3 b5 17. Bb3 Rd8 18. Rhd1 Ra7 19. a4 b4 20. a5 Rc7
21. Ba4 Kg8 22. Kb1 Kf7 23. Ka2 Ke7 24. Kb3 Rb7 25. Rd6 Rb8 26. g4 h6 27. h4 g5 28. h5 Rf8 29. Kc4 Rf7 30. Bxd7 Bxd7
31. Rxd7+ Ke8 32. Rxf7 Kxf7 33. Rd6 Rc8+ 34. Kxb4 Rxc2 35. b3 Rf2 36. Rxa6
1-0

[Event "Sveshnikots"]
[Site "SchemingMind.com"]
[Date "2007.10.07"]
[Round "-"]
[White "Schaakmaatje"]
[Black "javilez"]
[Result "1-0"]
[WhiteCountry "NED"]
[BlackCountry "NCA"]
[WhiteElo "1803"]
[WhiteRD "57"]
[BlackElo "1742"]
[BlackRD "56"]
[GameID "123011"]

1. e4 c5 2. Nf3 Nc6 3. d4 cxd4 4. Nxd4 Nf6 5. Nc3 e5 6. Ndb5 a6 7. Nd6+ Bxd6 8. Qxd6 Qe7 9. Qxe7+ Nxe7 10. a4 b6
11. f3 Bb7 12. Nd1 h6 13. Bc4 O-O 14. Be3 d5 15. exd5 Bxd5 16. Be2 Nd7 17. Ra3 Nc6 18. Rd3 Nb4 19. Rd2 Be6 20. O-O a5
21. Bb5 Nf6 22. Bxb6 Nfd5 23. Bf2 Rfc8 24. c4 Nc7 25. Nc3 Nxb5 26. cxb5 Bb3 27. b6 Rd8 28. b7 Rab8 29. Ba7 Rxd2 30. Bxb8 Rd7
31. Bc7
1-0

[Event "Sveshnikots"]
[Site "SchemingMind.com"]
[Date "2007.10.04"]
[Round "-"]
[White "Stavrogin"]
[Black "javilez"]
[Result "1-0"]
[WhiteCountry "GER"]
[BlackCountry "NCA"]
[WhiteElo "2061"]
[WhiteRD "89"]
[BlackElo "1742"]
[BlackRD "56"]
[GameID "123012"]

1. e4 c5 2. Nf3 Nc6 3. d4 cxd4 4. Nxd4 Nf6 5. Nc3 e5 6. Ndb5 a6 7. Nd6+ Bxd6 8. Qxd6 Qe7 9. Qxe7+ Nxe7 10. Bg5 Nfg8
11. O-O-O f6 12. Be3 b5 13. f3 Bb7 14. g4 Nc6 15. Nd5 O-O-O 16. h4 Nge7 17. Nxe7+ Nxe7 18. Bb6 Rde8 19. Rd6 Nc6 20. Bh3 Re6
21. Rhd1 Rxd6 22. Rxd6 Nd8 23. g5 Ne6 24. gxf6 gxf6 25. Bxe6 dxe6 26. Rxe6 Rf8 27. Re7 Rh8 28. h5
1-0

[Event "Sveshnikots"]
[Site "SchemingMind.com"]
[Date "2007.10.02"]
[Round "-"]
[White "Lazaro"]
[Black "jdcald13"]
[Result "1-0"]
[WhiteCountry "CUB"]
[BlackCountry "USA"]
[WhiteElo "1902"]
[WhiteRD "58"]
[BlackElo "1914"]
[BlackRD "55"]
[GameID "123030"]

1. e4 c5 2. Nf3 Nc6 3. d4 cxd4 4. Nxd4 Nf6 5. Nc3 e5 6. Ndb5 d6 7. Bg5 a6 8. Na3 b5 9. Nd5 h6 10. Bxf6 gxf6
11. c4 bxc4 12. Nxc4 f5 13. Bd3 f4 14. Rc1 Rg8 15. Ncb6 Bb7 16. Nxa8 Bxa8 17. Qa4
1-0

[Event "Sveshnikots"]
[Site "SchemingMind.com"]
[Date "2007.10.03"]
[Round "-"]
[White "Lazaro"]
[Black "javilez"]
[Result "1-0"]
[WhiteCountry "CUB"]
[BlackCountry "NCA"]
[WhiteElo "1900"]
[WhiteRD "58"]
[BlackElo "1742"]
[BlackRD "56"]
[GameID "123031"]

1. e4 c5 2. Nf3 Nc6 3. d4 cxd4 4. Nxd4 Nf6 5. Nc3 e5 6. Ndb5 a6 7. Nd6+ Bxd6 8. Qxd6 Qe7 9. Qc7 O-O 10. Bg5 h6
11. Bxf6 Qxf6 12. Nd5 Qd8 13. Qxd8 Nxd8 14. Nb6 Rb8 15. O-O-O Ne6 16. Nxd7 Bxd7 17. Rxd7 Rfd8 18. Rxd8+ Rxd8 19. c3 Nf4 20. g3 Nd3+
21. Bxd3 Kf8 22. Bc2
1-0

[Event "Sveshnikots"]
[Site "SchemingMind.com"]
[Date "2007.10.05"]
[Round "-"]
[White "Lazaro"]
[Black "Schaakmaatje"]
[Result "1/2-1/2"]
[WhiteCountry "CUB"]
[BlackCountry "NED"]
[WhiteElo "1902"]
[WhiteRD "58"]
[BlackElo "1751"]
[BlackRD "70"]
[GameID "123032"]

1. e4 c5 2. Nf3 Nc6 3. d4 cxd4 4. Nxd4 Nf6 5. Nc3 e5 6. Ndb5 a6 7. Nd6+ Bxd6 8. Qxd6 Qe7 9. Qc7 d5 10. Qxe7+ Nxe7
11. Bg5 d4 12. Bxf6 gxf6 13. Nb1 Be6 14. c3 Nc6 15. Nd2 Rg8 16. g3 Ke7 17. Nb3 b6 18. cxd4 Bxb3 19. axb3 Nxd4 20. Rxa6 Rxa6
21. Bxa6 Nxb3 22. O-O Rd8 23. Re1 Rd2 24. Re2 Rd1+ 25. Kg2 Nd4 26. Re3 Rd2 27. b3 b5 28. Bb7 b4 29. Bd5 Nb5 30. Bc4 Nc3=
1/2-1/2

[Event "Sveshnikots"]
[Site "SchemingMind.com"]
[Date "2007.10.03"]
[Round "-"]
[White "Lazaro"]
[Black "Stavrogin"]
[Result "1/2-1/2"]
[WhiteCountry "CUB"]
[BlackCountry "GER"]
[WhiteElo "1902"]
[WhiteRD "58"]
[BlackElo "1921"]
[BlackRD "104"]
[GameID "123033"]

1. e4 c5 2. Nf3 Nc6 3. d4 cxd4 4. Nxd4 Nf6 5. Nc3 e5 6. Ndb5 d6 7. Bg5 a6 8. Na3 b5 9. Nd5 Be7 10. Bxf6 Bxf6
11. c4 b4 12. Nc2 a5 13. Bd3 Rb8 14. b3 Bg5 15. O-O O-O 16. a3 Be6 17. axb4 axb4 18. Qe1 Na5 19. Qb1=
1/2-1/2

[Event "Sveshnikots"]
[Site "SchemingMind.com"]
[Date "2007.10.02"]
[Round "-"]
[White "jdcald13"]
[Black "Lazaro"]
[Result "1/2-1/2"]
[WhiteCountry "USA"]
[BlackCountry "CUB"]
[WhiteElo "1907"]
[WhiteRD "49"]
[BlackElo "1900"]
[BlackRD "58"]
[GameID "123034"]

1. e4 c5 2. Nf3 Nc6 3. d4 cxd4 4. Nxd4 Nf6 5. Nc3 e5 6. Ndb5 d6 7. a4 a6 8. Na3 Be6 9. Bg5 Be7 10. f3 Rc8
11. Qd2 h6 12. Be3 Na5 13. h4 Nc4 14. Nxc4 Bxc4 15. Bxc4 Rxc4= 16. O-O-O Qa5 17. g4 b5 18. g5 Ng8 19. Qd5 Rxc3 20. Bd2 Rc5
21. Bxa5 Rxd5 22. Rxd5 bxa4 23. gxh6 Rxh6 24. Bd2 Rh5 25. Ra5 f5 26. exf5 Nh6 27. f6 Bxf6 28. Rxa6 Nf5 29. Rxa4 g5 30. b4 gxh4
31. b5 Nd4 32. b6 Kd7 33. Rc4 Rh8 34. f4 Rb8 35. fxe5 dxe5 36. Rc7+ Ke6 37. Be1 Bg5+ 38. Bd2 Ne2+ 39. Kd1 Ng3 40. Rh3 Rd8
41. b7 Rxd2+ 42. Ke1 Re2+ 43. Kd1 Rd2+=
1/2-1/2

[Event "Sveshnikots"]
[Site "SchemingMind.com"]
[Date "2007.10.03"]
[Round "-"]
[White "javilez"]
[Black "Lazaro"]
[Result "0-1"]
[WhiteCountry "NCA"]
[BlackCountry "CUB"]
[WhiteElo "1742"]
[WhiteRD "56"]
[BlackElo "1900"]
[BlackRD "58"]
[GameID "123035"]

1. e4 c5 2. Nf3 Nc6 3. d4 cxd4 4. Nxd4 Nf6 5. Nc3 e5 6. Ndb5 d6 7. Bg5 a6 8. Na3 b5 9. Bxf6 gxf6 10. Nd5 Be6
11. Qd2 Rc8 12. c3 f5 13. exf5 Bxf5 14. Bd3 Be6 15. Bc2 h5 16. O-O Bh6 17. Qd3 h4 18. g3 Bg5 19. Rad1 Ne7 20. Bb3 Nxd5
21. Bxd5 Bh3 22. Rfe1 Qc7 23. Nc2 hxg3 24. hxg3 Qe7 25. Bg2 Bxg2 26. Kxg2 Rd8 27. Nb4 Qd7 28. Rh1 Qb7+
0-1

[Event "Sveshnikots"]
[Site "SchemingMind.com"]
[Date "2007.10.07"]
[Round "-"]
[White "Schaakmaatje"]
[Black "Lazaro"]
[Result "1-0"]
[WhiteCountry "NED"]
[BlackCountry "CUB"]
[WhiteElo "1746"]
[WhiteRD "45"]
[BlackElo "1595"]
[BlackRD "46"]
[GameID "123036"]

1. e4 c5 2. Nf3 Nc6 3. d4 cxd4 4. Nxd4 Nf6 5. Nc3 e5 6. Ndb5 d6 7. a4 a6 8. Na3 Be6 9. Nc4 Rc8 10. Ne3 Be7
11. Be2 Nd4 12. O-O O-O 13. Ned5 Nxd5 14. exd5 Bf5 15. Bd3 Qd7 16. f4 Bf6 17. Kh1 Rfe8 18. fxe5 Bxd3 19. Qxd3 dxe5 20. Qg3 Qd6
21. Ne4 Ne2 22. Nxd6 Nxg3+ 23. hxg3 Red8 24. Ne4 Rxc2 25. Nxf6+ gxf6 26. Rxf6 Rxd5 27. Bh6 Rxb2 28. Raf1 Rd7 29. R1f5 Re2 30. Rg5+ Kh8
31. Rg7 Rd1+ 32. Kh2 Ree1 33. Kh3 Rh1+ 34. Kg4 Rxh6 35. Rfxf7 Rdd6 36. Kf5 Rhg6 37. Rxh7+ Kg8 38. Rxb7 Rxg3 39. Kxe5 Rd8 40. Rh2 Rg4
41. Rbh7 Rf8 42. R7h4 Rg5+ 43. Ke4 Ra5 44. Kd3 Rd5+ 45. Kc3 Rc8+ 46. Kb3 Rcc5 47. Rg4+ Rg5 48. Rf4 a5 49. g4 Rce5 50. Rh3 Kg7
51. Rhf3 Re7 52. Rf5 Kg6 53. Rxg5+
1-0

[Event "Sveshnikots"]
[Site "SchemingMind.com"]
[Date "2007.10.07"]
[Round "-"]
[White "Stavrogin"]
[Black "Lazaro"]
[Result "1-0"]
[WhiteCountry "GER"]
[BlackCountry "CUB"]
[WhiteElo "2129"]
[WhiteRD "82"]
[BlackElo "1874"]
[BlackRD "51"]
[GameID "123037"]

1. e4 c5 2. Nf3 Nc6 3. d4 cxd4 4. Nxd4 Nf6 5. Nc3 e5 6. Ndb5 d6 7. Bg5 a6 8. Na3 b5 9. Nd5 Be7 10. Bxf6 Bxf6
11. c4 b4 12. Nc2 a5 13. g3 O-O 14. h4 Be6 15. Bh3 Rb8 16. b3 g6 17. Kf1 Bg7 18. Kg2 Qd7 19. h5 f5 20. hxg6 hxg6
21. Qe2 f4 22. f3 fxg3 23. Bxe6+ Qxe6 24. Rh3 Kf7 25. f4 Rh8 26. f5 gxf5 27. exf5 Qd7 28. Rxg3 Rh7 29. Qg4 Rbh8 30. Rh1 Ne7
31. Rxh7 Rxh7 32. Nxe7 Qxe7 33. Qg6+
1-0

[Event "Sveshnikots"]
[Site "SchemingMind.com"]
[Date "2007.10.07"]
[Round "-"]
[White "kisei"]
[Black "jdcald13"]
[Result "1-0"]
[WhiteCountry "HUN"]
[BlackCountry "USA"]
[WhiteElo "2027"]
[WhiteRD "78"]
[BlackElo "1914"]
[BlackRD "55"]
[GameID "123674"]

1. e4 c5 2. Nf3 Nc6 3. d4 cxd4 4. Nxd4 Nf6 5. Nc3 e5 6. Ndb5 d6 7. Bg5 a6 8. Na3 h6 9. Bxf6 Qxf6 10. Nd5 Qg6
11. Nc7+ Kd8 12. Nxa8 Qxe4+ 13. Qe2 Qd4 14. Qe3 Qb4+ 15. c3 Qxb2 16. Qb6+
1-0

[Event "Sveshnikots"]
[Site "SchemingMind.com"]
[Date "2007.10.08"]
[Round "-"]
[White "kisei"]
[Black "Lazaro"]
[Result "1-0"]
[WhiteCountry "HUN"]
[BlackCountry "CUB"]
[WhiteElo "2027"]
[WhiteRD "78"]
[BlackElo "1902"]
[BlackRD "58"]
[GameID "123675"]

1. e4 c5 2. Nf3 Nc6 3. d4 cxd4 4. Nxd4 Nf6 5. Nc3 e5 6. Ndb5 d6 7. Bg5 a6 8. Na3 b5 9. Bxf6 gxf6 10. Nd5 Be6
11. c3 f5 12. exf5 Bxf5 13. Qf3 Be6 14. Nxb5 axb5 15. Bxb5 Rc8 16. Nb4 Bd7 17. Bxc6 Bxc6 18. Nxc6 Qc7 19. Nb4 Bg7 20. Nd5
1-0

[Event "Sveshnikots"]
[Site "SchemingMind.com"]
[Date "2007.10.10"]
[Round "-"]
[White "kisei"]
[Black "Schaakmaatje"]
[Result "1-0"]
[WhiteCountry "HUN"]
[BlackCountry "NED"]
[WhiteElo "2027"]
[WhiteRD "78"]
[BlackElo "1751"]
[BlackRD "70"]
[GameID "123677"]

1. e4 c5 2. Nf3 Nc6 3. d4 cxd4 4. Nxd4 Nf6 5. Nc3 e5 6. Ndb5 d6 7. Bg5 Be7 8. Bxf6 gxf6 9. Nd5 Rb8 10. Qh5 Be6
11. O-O-O Bxd5 12. exd5 Nb4 13. Nc3 Qa5 14. Bb5+ Kd8 15. Qg4 Nxa2+ 16. Kd2
1-0

[Event "Sveshnikots"]
[Site "SchemingMind.com"]
[Date "2007.10.08"]
[Round "-"]
[White "kisei"]
[Black "Stavrogin"]
[Result "0-1"]
[WhiteCountry "HUN"]
[BlackCountry "GER"]
[WhiteElo "2034"]
[WhiteRD "71"]
[BlackElo "2061"]
[BlackRD "89"]
[GameID "123678"]

1. e4 c5 2. Nf3 Nc6 3. d4 cxd4 4. Nxd4 Nf6 5. Nc3 e5 6. Ndb5 d6 7. Bg5 a6 8. Na3 b5 9. Bxf6 gxf6 10. Nd5 f5
11. Bd3 Be6 12. Qh5 Rg8 13. g3 Rg5 14. Qd1 Bxd5 15. exd5 Ne7 16. c3 Bh6 17. Be2 Qb6 18. Nc2 Qb7 19. a4 Nxd5 20. O-O Nf4
21. Bf3 e4 22. Qxd6 Rg6 23. Qe5+ Kf8 24. Kh1 Re8 25. Qh8+ Ke7 26. Qd4 Nd3 27. Qxd3 exd3 28. Bxb7 dxc2 29. axb5 axb5 30. f4 Rd8
31. Bf3 Rd2 32. Ra7+ Kf8 33. Bh5 Rgd6 34. Rxf7+ Kg8 35. Ra7 Rd1 36. Ra8+ Bf8 37. Ra1 Rxf1+ 38. Rxf1 Rd2 39. Bf3 Bc5 40. c4 bxc4
0-1

[Event "Sveshnikots"]
[Site "SchemingMind.com"]
[Date "2007.10.09"]
[Round "-"]
[White "jdcald13"]
[Black "kisei"]
[Result "0-1"]
[WhiteCountry "USA"]
[BlackCountry "HUN"]
[WhiteElo "1914"]
[WhiteRD "55"]
[BlackElo "2027"]
[BlackRD "78"]
[GameID "123679"]

1. e4 c5 2. Nf3 Nc6 3. d4 cxd4 4. Nxd4 Nf6 5. Nc3 e5 6. Ndb5 d6 7. Bg5 a6 8. Na3 b5 9. Nd5 Qa5+ 10. c3 Nxe4
11. Be3 Rb8 12. Bd3 Nc5 13. Bc2 Qd8 14. O-O Be6 15. f4 Ne7 16. Nxe7 Bxe7 17. f5 Bd7 18. Qh5 Bc6 19. Rad1 Nd7 20. c4 bxc4
21. Nxc4 d5 22. Nxe5 Nxe5 23. Bd4 Bf6 24. Rfe1 Qe7 25. Re3 Rb4 26. Bc3 Qc5 27. Re1 Rh4 28. Qe2 O-O 29. b4 Qb6 30. g3 Bb5
0-1

[Event "Sveshnikots"]
[Site "SchemingMind.com"]
[Date "2007.10.09"]
[Round "-"]
[White "Lazaro"]
[Black "kisei"]
[Result "1/2-1/2"]
[WhiteCountry "CUB"]
[BlackCountry "HUN"]
[WhiteElo "1902"]
[WhiteRD "58"]
[BlackElo "2027"]
[BlackRD "78"]
[GameID "123680"]

1. e4 c5 2. Nf3 Nc6 3. d4 cxd4 4. Nxd4 Nf6 5. Nc3 e5 6. Ndb5 d6 7. Bg5 a6 8. Na3 b5 9. Nd5 Be7 10. Bxf6 Bxf6
11. c4 b4 12. Nc2 a5 13. Be2 O-O 14. Qd3 Be6 15. Rd1 Bg5 16. O-O Kh8 17. b3 f5 18. f3 f4 19. a3 bxa3 20. Nxa3=
1/2-1/2

[Event "Sveshnikots"]
[Site "SchemingMind.com"]
[Date "2007.10.09"]
[Round "-"]
[White "javilez"]
[Black "kisei"]
[Result "0-1"]
[WhiteCountry "NCA"]
[BlackCountry "HUN"]
[WhiteElo "1797"]
[WhiteRD "61"]
[BlackElo "2027"]
[BlackRD "78"]
[GameID "123681"]

1. e4 c5 2. Nf3 Nc6 3. d4 cxd4 4. Nxd4 Nf6 5. Nc3 e5 6. Ndb5 d6 7. Bg5 a6 8. Na3 b5 9. Nd5 Be7 10. Bxf6 Bxf6
11. c3 O-O 12. Rc1 Bg5 13. Rc2 Ne7 14. Be2 Nxd5 15. Qxd5 Be6 16. Qd3 Bxa2 17. Bd1 d5 18. Bf3 f5 19. exf5 e4
0-1

[Event "Sveshnikots"]
[Site "SchemingMind.com"]
[Date "2007.10.11"]
[Round "-"]
[White "Schaakmaatje"]
[Black "kisei"]
[Result "0-1"]
[WhiteCountry "NED"]
[BlackCountry "HUN"]
[WhiteElo "1751"]
[WhiteRD "70"]
[BlackElo "2027"]
[BlackRD "78"]
[GameID "123682"]

1. e4 c5 2. Nf3 Nc6 3. d4 cxd4 4. Nxd4 Nf6 5. Nc3 e5 6. Ndb5 d6 7. Bg5 a6 8. Bxf6 gxf6 9. Na3 f5 10. f3 Nd4
11. Nd5 fxe4 12. c3 Be6 13. Ne3 Bh6 14. cxd4 Bxe3 15. dxe5 Qa5+ 16. Ke2 Bb6 17. Qd2 exf3+ 18. gxf3 Qxe5+ 19. Kd1 Be3
0-1

[Event "Sveshnikots"]
[Site "SchemingMind.com"]
[Date "2007.10.09"]
[Round "-"]
[White "Stavrogin"]
[Black "kisei"]
[Result "1-0"]
[WhiteCountry "GER"]
[BlackCountry "HUN"]
[WhiteElo "2061"]
[WhiteRD "89"]
[BlackElo "2034"]
[BlackRD "71"]
[GameID "123683"]

1. e4 c5 2. Nf3 Nc6 3. d4 cxd4 4. Nxd4 Nf6 5. Nc3 e5 6. Ndb5 d6 7. Bg5 a6 8. Na3 b5 9. Nd5 Qa5+ 10. Bd2 Qd8
11. c4 Nxe4 12. cxb5 Be6 13. Bc4 Ne7 14. Be3 Rc8 15. Nb6 d5 16. Nxc8 Nxc8 17. Bd3 Qa5+ 18. Kf1 Bxa3 19. bxa3 O-O 20. Qb3 d4
21. Qb4 Qxb4 22. axb4 Ned6 23. bxa6 dxe3 24. fxe3 Nb6 25. Kf2 Nd5 26. Rhb1 f5 27. b5 Nc3 28. Rb4 e4 29. Bf1 f4 30. exf4 Nd5
31. Rd4 e3+ 32. Ke1 Nf5 33. Re4 Bf7 34. Rc1 Nd6 35. Rd4
1-0

[Event "Sveshnikots"]
[Site "SchemingMind.com"]
[Date "2007.10.17"]
[Round "-"]
[White "mikhailtal"]
[Black "jdcald13"]
[Result "1-0"]
[WhiteCountry "ENG"]
[BlackCountry "USA"]
[WhiteElo "1850"]
[WhiteRD "74"]
[BlackElo "1907"]
[BlackRD "49"]
[GameID "124672"]

1. e4 c5 2. Nf3 Nc6 3. d4 cxd4 4. Nxd4 Nf6 5. Nc3 e5 6. Ndb5 d6 7. Bg5 a6 8. Na3 Be7 9. Nc4 b5 10. Bxf6 gxf6
11. Ne3 Be6 12. Ncd5 Rg8 13. g3 Qa5+ 14. Qd2 Qxd2+ 15. Kxd2 O-O-O 16. a4 Bxd5 17. Nxd5 b4 18. Bxa6+
1-0

[Event "Sveshnikots"]
[Site "SchemingMind.com"]
[Date "2007.10.16"]
[Round "-"]
[White "mikhailtal"]
[Black "Lazaro"]
[Result "1-0"]
[WhiteCountry "ENG"]
[BlackCountry "CUB"]
[WhiteElo "1869"]
[WhiteRD "77"]
[BlackElo "1595"]
[BlackRD "46"]
[GameID "124673"]

1. e4 c5 2. Nf3 Nc6 3. d4 cxd4 4. Nxd4 Nf6 5. Nc3 e5 6. Ndb5 d6 7. Bg5 a6 8. Na3 b5 9. Nd5 Be7 10. Nxe7 Qxe7
11. c4 b4 12. Nc2 h6 13. Bh4 g5= 14. Bg3 Be6 15. f3 O-O 16. Qd2 a5 17. b3 Nh5 18. Bf2 Rfb8 19. Bd3 a4 20. O-O Nf4
21. Rfd1 axb3 22. axb3 Qb7 23. Bf1 Rxa1 24. Rxa1 Rd8 25. Ra4 g4 26. Nxb4 gxf3 27. gxf3 Kh7 28. Nxc6 Qxc6 29. Ra7 Qe8 30. Be3 Qg8+
31. Kh1 Qg6 32. Bxf4 exf4 33. Qxf4 Rg8 34. Qg3 Qf6 35. Qf2 Qc3 36. Rb7 Ra8 37. f4 Bg4 38. h4 Qf3+ 39. Qxf3 Bxf3+ 40. Kh2 Kg7
41. Rb6 Ra1 42. Bh3 Bxe4 43. Rxd6
1-0

[Event "Sveshnikots"]
[Site "SchemingMind.com"]
[Date "2007.10.17"]
[Round "-"]
[White "mikhailtal"]
[Black "kisei"]
[Result "0-1"]
[WhiteCountry "ENG"]
[BlackCountry "HUN"]
[WhiteElo "1863"]
[WhiteRD "71"]
[BlackElo "2054"]
[BlackRD "74"]
[GameID "124674"]

1. e4 c5 2. Nf3 Nc6 3. d4 cxd4 4. Nxd4 Nf6 5. Nc3 e5 6. Ndb5 d6 7. Bg5 a6 8. Na3 b5 9. Nd5 Be7 10. Bxf6 Bxf6
11. c3 O-O 12. Nc2 Rb8 13. h4 Be7 14. g3 Be6 15. Nce3 Qd7 16. Bg2 Bd8 17. O-O Ne7 18. Kh2 Qa7 19. Bh3 Nxd5 20. Nxd5 Qd7
21. Bg2 Bb6 22. Qd2 Bc5 23. Rad1 Bg4 24. f3 Be6 25. Qd3 f6 26. Rd2 Rbc8 27. Rc1 f5 28. c4 f4 29. g4 Bd4 30. Rcc2 Qd8
31. Kh3 Bxd5 32. exd5 Rf6 33. g5 Bg1 34. Bf1 bxc4 35. Rxc4 Rf8 36. Rdc2 Rb8 37. b4 a5 38. a3 axb4 39. axb4 Qd7+ 40. Kg2 Be3
41. Kh2 Qe8 42. g6 hxg6 43. Bh3 Kh8 44. Be6 g5 45. Rg2 Qh5 46. Rg4 Bf2 47. Qf1 Bxh4 48. Qh3 Ra8 49. Rxh4 Ra2+ 50. Kg1 gxh4
51. b5 Qg6+ 52. Bg4 Qb1+ 53. Qf1 Qb2
0-1